[Event "ch-SVK"]
[Site "Kaskady SVK"]
[Date "2002.06.27"]
[Round "1"]
[White "Khenkin,I"]
[Black "Priehoda,V"]
[Result "1-0"]
[WhiteElo "2587"]
[BlackElo "2425"]
[EventDate "2002.06.27"]

1. d4 e6 2. c4 c5 3. d5 exd5 4. cxd5 d6 5. Nf3 g6 6. Bf4 a6 7. e4 Bg4 8.
Nbd2 Bh6 9. Bxh6 Nxh6 10. Qb3 Bc8 11. a4 O-O 12. Bd3 Nd7 13. O-O f6 14. Qc3
Nf7 15. b4 Nfe5 16. Be2 cxb4 17. Qxb4 Nc5 18. Nd4 g5 19. a5 Bd7 20. N4b3
Qc7 21. Rfc1 Rfc8 22. Rab1 Rab8 23. Nxc5 dxc5 24. Qb6 Kg7 25. Qxc7 Rxc7 26.
Bxa6 c4 27. Nxc4 Nd3 28. Rc3 Nc5 29. d6 Rcc8 30. Nb6 bxa6 31. Rbc1 Nxe4 32.
Rxc8 Bxc8 33. Nxc8 Nc5 34. Nb6 Nb3 35. Rc7+ Kg6 36. g4 Nxa5 37. Nc8 Rb1+
38. Kg2 f5 39. Ne7+ Kh6 40. Nxf5+ Kg6 41. Rc5 1-0

[Event "ch-SVK"]
[Site "Kaskady SVK"]
[Date "2002.06.27"]
[Round "1"]
[White "Markos,J"]
[Black "Plachetka,J"]
[Result "1-0"]
[WhiteElo "2467"]
[BlackElo "2441"]
[EventDate "2002.06.27"]

1. d4 Nf6 2. c4 c5 3. d5 b5 4. Nf3 bxc4 5. Nc3 d6 6. Nd2 Nbd7 7. e4 g6 8.
Nxc4 Bg7 9. Be2 Nb6 10. Ne3 O-O 11. a4 Rb8 12. O-O e6 13. Qc2 exd5 14. exd5
Re8 15. Rd1 Qe7 16. Bb5 Bd7 17. Bd2 Bxb5 18. axb5 Qd7 19. Ra6 Re5 20. Qd3
Ng4 21. Rda1 Rb7 22. Nxg4 Qxg4 23. Rxa7 Rxa7 24. Rxa7 h5 25. f4 Re8 26. h3
Qh4 27. Kh2 Qf2 28. Ne4 Rxe4 29. Qxe4 Qxd2 30. Rb7 Nxd5 31. Qe8+ Kh7 32.
Qxf7 Qd4 33. b6 Nb4 34. Re7 Nc6 35. b7 Nxe7 36. b8=Q Nf5 37. Qbg8+ Kh6 38.
Qc4 Qxb2 39. Qd8 h4 40. Qg5+ Kh7 41. Qf7 1-0

[Event "ch-SVK"]
[Site "Kaskady SVK"]
[Date "2002.06.27"]
[Round "1"]
[White "Mrva,Mart"]
[Black "Stohl,I"]
[Result "1/2-1/2"]
[WhiteElo "2426"]
[BlackElo "2550"]
[EventDate "2002.06.27"]

1. c4 Nf6 2. Nc3 c5 3. Nf3 Nc6 4. e3 d5 5. cxd5 Nxd5 6. Qc2 Bg4 7. Bb5 Ndb4
8. Qe4 Qc8 9. Qb1 a6 10. Be2 e6 11. a3 Nd5 12. Qc2 1/2-1/2

[Event "ch-SVK"]
[Site "Kaskady SVK"]
[Date "2002.06.27"]
[Round "1"]
[White "Romanishin,O"]
[Black "Landa,K"]
[Result "1-0"]
[WhiteElo "2571"]
[BlackElo "2623"]
[EventDate "2002.06.27"]

1. d4 d5 2. c4 e6 3. Nf3 Nf6 4. g3 Bb4+ 5. Bd2 Be7 6. Bg2 O-O 7. O-O c6 8.
Qb3 Nbd7 9. Bb4 Bxb4 10. Qxb4 a5 11. Qc3 b5 12. c5 b4 13. Qc2 Ba6 14. Re1
Ne4 15. Nbd2 Nxd2 16. Qxd2 Qc7 17. a3 Bc4 18. Qc2 e5 19. b3 Ba6 20. e4 exd4
21. Nxd4 bxa3 22. exd5 cxd5 23. Bxd5 Rac8 24. c6 Ne5 25. Be4 Rfd8 26. Qc3
g6 27. Rxa3 Qb6 28. Rxa5 Rxd4 29. Rxe5 Rb4 30. Bd5 1-0

[Event "ch-SVK"]
[Site "Kaskady SVK"]
[Date "2002.06.28"]
[Round "2"]
[White "Ftacnik,L"]
[Black "Mrva,Mart"]
[Result "1-0"]
[WhiteElo "2576"]
[BlackElo "2426"]
[EventDate "2002.06.27"]

1. d4 e6 2. Nf3 c5 3. e3 Nf6 4. Bd3 Nc6 5. O-O Qb6 6. dxc5 Bxc5 7. b3 Be7
8. Bb2 Qc7 9. c4 b6 10. e4 Bb7 11. Nc3 Rd8 12. Qe2 d6 13. Rac1 Qb8 14. Rfd1
O-O 15. a3 Rfe8 16. Bb1 Nd7 17. Nb5 Nde5 18. Nbd4 Nxd4 19. Nxd4 Bf6 20. g3
Ng6 21. h4 Ne5 22. Rc2 d5 23. Rcd2 dxc4 24. bxc4 Be7 25. f4 Nc6 26. Nf3
Rxd2 27. Rxd2 Rd8 28. e5 Rxd2 29. Nxd2 Qd8 30. Nb3 g6 31. Be4 Qd7 32. Qd3
Qxd3 33. Bxd3 Ba6 34. Kf2 h5 35. Ke3 Bc8 36. Be4 Bd7 37. Kd3 Kf8 38. c5
bxc5 39. Kc4 Ke8 40. Bc3 Kd8 41. Nxc5 Be8 42. a4 Kc7 43. Bd2 Bxc5 44. Kxc5
Ne7 45. a5 a6 46. Bd3 Kb7 47. Be2 Nf5 48. Be1 Nh6 49. Bd3 Nf5 50. g4 hxg4
51. Bxf5 exf5 52. Kd6 Bb5 53. e6 fxe6 54. Kxe6 Kc6 55. Bg3 Ba4 56. Kf6 Kd5
57. Kxg6 Ke6 58. h5 Be8+ 59. Kg5 Bd7 60. Bf2 Kf7 61. h6 Kg8 62. Kg6 Be8+
63. Kxf5 Kh7 64. Kg5 Bd7 65. f5 Bc8 66. Bg3 Bb7 67. Bf4 Bf3 68. Kf6 1-0

[Event "ch-SVK"]
[Site "Kaskady SVK"]
[Date "2002.06.28"]
[Round "2"]
[White "Khenkin,I"]
[Black "Markos,J"]
[Result "1-0"]
[WhiteElo "2587"]
[BlackElo "2467"]
[EventDate "2002.06.27"]

1. d4 Nf6 2. c4 e6 3. Nf3 b6 4. a3 Ba6 5. Qc2 Bb7 6. Nc3 c5 7. e4 cxd4 8.
Nxd4 Bc5 9. Nb3 Nc6 10. Bg5 h6 11. Bh4 Nd4 12. Nxd4 Bxd4 13. Bd3 Qb8 14.
Bg3 Be5 15. O-O-O O-O 16. Kb1 Rc8 17. Qe2 d6 18. Bxe5 dxe5 19. Qe3 Bc6 20.
Rd2 a6 21. Rhd1 Qb7 22. f3 Be8 23. Be2 Nd7 24. Rd6 Nc5 25. b4 Nd7 26. Na4
Rc6 27. Kb2 Rac8 28. Qd2 Nb8 29. b5 Rxd6 30. Qxd6 Nd7 31. Rc1 Qa7 32. c5
Nxc5 33. Nxc5 bxc5 34. Qxa6 Qd7 35. Rd1 Qc7 36. Bc4 Rd8 37. Kc2 Rxd1 38.
Kxd1 Qd8+ 39. Kc2 Qd4 40. b6 Bc6 41. Be2 Ba4+ 42. Kb1 Qg1+ 43. Ka2 Qe1 44.
Qxa4 Qxe2+ 45. Kb1 Qd3+ 46. Kb2 c4 47. Qb4 Qe2+ 48. Ka1 c3 49. Qxc3 Qf1+
50. Ka2 Qf2+ 51. Qb2 Qc5 52. b7 Qc4+ 53. Ka1 1-0

[Event "ch-SVK"]
[Site "Kaskady SVK"]
[Date "2002.06.28"]
[Round "2"]
[White "Plachetka,J"]
[Black "Movsesian,S"]
[Result "0-1"]
[WhiteElo "2441"]
[BlackElo "2624"]
[EventDate "2002.06.27"]

1. e4 c5 2. c3 Nf6 3. e5 Nd5 4. d4 cxd4 5. cxd4 d6 6. Nf3 Nc6 7. Nc3 dxe5
8. dxe5 Nxc3 9. Qxd8+ Nxd8 10. bxc3 Nc6 11. Rb1 e6 12. Bf4 Be7 13. Be2 b6
14. O-O Bb7 15. Rfd1 Rd8 16. Rxd8+ Kxd8 17. Ng5 Bxg5 18. Bxg5+ Kc8 19. f4
h6 20. Bh4 Rg8 21. g4 Na5 22. Kf2 Bd5 23. a3 Kb7 24. Ke3 Rc8 25. Be1 Bb3
26. h4 Rc5 27. h5 Kc7 28. Bd2 Rd5 29. Be1 Bc4 30. Bf3 Rd3+ 31. Kf2 Bd5 32.
Be2 Rh3 33. Rb4 Nb7 34. f5 Nc5 35. Rf4 Ne4+ 36. Kg1 Ng5 37. Kf2 f6 38. exf6
e5 39. Ra4 gxf6 40. Rxa7+ Kb8 41. Rd7 Bc6 42. Rd1 e4 0-1

[Event "ch-SVK"]
[Site "Kaskady SVK"]
[Date "2002.06.28"]
[Round "2"]
[White "Priehoda,V"]
[Black "Landa,K"]
[Result "0-1"]
[WhiteElo "2425"]
[BlackElo "2623"]
[EventDate "2002.06.27"]

1. Nf3 c5 2. e4 e6 3. b3 a6 4. Bb2 Nc6 5. g3 d5 6. exd5 exd5 7. Qe2+ Qe7 8.
Qxe7+ Ngxe7 9. c3 Bf5 10. Be2 g6 11. b4 c4 12. Nh4 Be6 13. Na3 Bg7 14. Nc2
O-O-O 15. O-O Nf5 16. Nxf5 Bxf5 17. Ne3 Be6 18. Rfb1 Rhg8 19. a4 Ne5 20. b5
a5 21. f4 Nd7 22. Ba3 b6 23. Re1 Nf6 24. Bf3 Ne4 25. Nxc4 dxc4 26. Bxe4
Rxd2 27. Re3 Rgd8 28. Rae1 Rd1 29. Kf2 R8d2+ 30. R1e2 Rxe2+ 31. Kxe2 Ra1
32. Bd6 Rxa4 33. Kf3 Kd7 34. Bb8 Ra3 35. g4 Kc8 36. Ba7 Kc7 37. f5 gxf5 38.
gxf5 Bd7 0-1

[Event "ch-SVK"]
[Site "Kaskady SVK"]
[Date "2002.06.28"]
[Round "2"]
[White "Stohl,I"]
[Black "Romanishin,O"]
[Result "1/2-1/2"]
[WhiteElo "2550"]
[BlackElo "2571"]
[EventDate "2002.06.27"]

1. d4 Nf6 2. c4 e6 3. Nf3 b6 4. Nc3 Bb7 5. a3 Ne4 6. Nxe4 Bxe4 7. Nd2 Bg6
8. g3 Be7 9. Bg2 d5 10. e4 dxe4 11. Nxe4 O-O 12. O-O c6 13. Bf4 a6 14. d5
exd5 15. cxd5 cxd5 16. Nc3 Ra7 17. Nxd5 Bd6 18. Nxb6 Bxf4 19. Qxd8 Rxd8 20.
gxf4 Bh5 21. Rac1 Re7 22. Rc5 Re6 23. Nc4 Be2 24. Rc1 g6 25. Ne5 Red6 26.
Bf3 Bxf3 27. Nxf3 Nd7 28. Rc7 h6 29. Kg2 Kg7 30. R1c6 Rxc6 31. Rxc6 Nf6 32.
Rxa6 Nh5 33. Ra4 Rb8 34. Ne5 Rxb2 35. Ra7 Nxf4+ 36. Kf3 g5 37. Rxf7+ Kg8
38. Ra7 Rb5 39. Nf7 Rb6 40. Kg4 Rf6 41. Ne5 Ne6 42. f3 Rf4+ 43. Kh5 Rh4+
44. Kg6 Nf8+ 45. Kf6 Rf4+ 46. Ke7 Ng6+ 47. Ke6 1/2-1/2

[Event "ch-SVK"]
[Site "Kaskady SVK"]
[Date "2002.06.28"]
[Round "2"]
[White "Sutovsky,E"]
[Black "Tibensky,R"]
[Result "1-0"]
[WhiteElo "2660"]
[BlackElo "2448"]
[EventDate "2002.06.27"]

1. e4 c5 2. Nf3 Nc6 3. Bb5 g6 4. Bxc6 bxc6 5. O-O Bg7 6. Re1 Nf6 7. e5 Nd5
8. c4 Nc7 9. d4 cxd4 10. Qxd4 O-O 11. Qh4 f6 12. Nc3 Ne6 13. exf6 exf6 14.
Be3 Rb8 15. Re2 Qa5 16. Rd1 Rb4 17. a3 Rb8 18. Red2 Qc7 19. c5 f5 20. Ng5
h5 21. Qc4 Kh8 22. Ne2 Qe5 23. Bf4 Nxf4 24. Nxf4 Qf6 25. h4 d5 26. cxd6 Bd7
27. Nfe6 Rfe8 28. Nc5 1-0

[Event "ch-SVK"]
[Site "Kaskady SVK"]
[Date "2002.06.29"]
[Round "3"]
[White "Landa,K"]
[Black "Stohl,I"]
[Result "1/2-1/2"]
[WhiteElo "2623"]
[BlackElo "2550"]
[EventDate "2002.06.27"]

1. e4 c5 2. Nf3 d6 3. d4 cxd4 4. Nxd4 Nf6 5. Nc3 a6 6. Be3 e6 7. f3 b5 8.
Qd2 Nbd7 9. g4 h6 10. O-O-O Bb7 11. Bd3 Ne5 12. h4 b4 13. Nce2 d5 14. exd5
Nxd5 15. Kb1 Qc7 1/2-1/2

[Event "ch-SVK"]
[Site "Kaskady SVK"]
[Date "2002.06.29"]
[Round "3"]
[White "Markos,J"]
[Black "Priehoda,V"]
[Result "1-0"]
[WhiteElo "2467"]
[BlackElo "2425"]
[EventDate "2002.06.27"]

1. d4 Nf6 2. c4 e6 3. Nf3 b6 4. a3 Ba6 5. Qc2 c5 6. d5 exd5 7. cxd5 g6 8.
Nc3 Bg7 9. e4 Bxf1 10. Kxf1 d6 11. g3 O-O 12. Kg2 Na6 13. Bf4 Nc7 14. Rad1
Qd7 15. Rhe1 Nh5 16. Bc1 f5 17. e5 dxe5 18. Nxe5 Bxe5 19. Rxe5 f4 20. f3
fxg3 21. hxg3 Qd6 22. f4 Rae8 23. Qe2 Qd7 24. b3 Nf6 25. d6 Ne6 26. Qc4 Ng4
27. Re2 Kh8 28. Ne4 b5 29. Bb2+ Kg8 30. Qc3 Nd4 31. Rxd4 cxd4 32. Qxd4 Rxe4
33. Qh8+ 1-0

[Event "ch-SVK"]
[Site "Kaskady SVK"]
[Date "2002.06.29"]
[Round "3"]
[White "Mrva,Mart"]
[Black "Sutovsky,E"]
[Result "0-1"]
[WhiteElo "2426"]
[BlackElo "2660"]
[EventDate "2002.06.27"]

1. c4 e5 2. Nc3 Nf6 3. e3 Bb4 4. Nge2 c6 5. a3 Ba5 6. d4 exd4 7. Nxd4 c5 8.
Nc2 Bxc3+ 9. bxc3 O-O 10. f3 Nh5 11. Qd6 f5 12. Bd3 Nc6 13. O-O Qf6 14.
Qxf6 Rxf6 15. g4 fxg4 16. fxg4 Rxf1+ 17. Kxf1 Ne5 18. Bxh7+ Kxh7 19. gxh5
d6 20. e4 Bh3+ 21. Kg1 Rf8 22. Ne3 Rf4 23. Ra2 Nd3 24. Ng2 Rg4 0-1

[Event "ch-SVK"]
[Site "Kaskady SVK"]
[Date "2002.06.29"]
[Round "3"]
[White "Romanishin,O"]
[Black "Ftacnik,L"]
[Result "1-0"]
[WhiteElo "2571"]
[BlackElo "2576"]
[EventDate "2002.06.27"]

1. d4 Nf6 2. Nf3 g6 3. g3 d5 4. c4 dxc4 5. Qa4+ Nfd7 6. Nbd2 Bg7 7. Bg2 c5
8. dxc5 Nc6 9. Nxc4 Nxc5 10. Qa3 Ne6 11. Be3 Bd7 12. O-O b5 13. Ncd2 O-O
14. Rfd1 Qa5 15. Qxa5 Nxa5 16. Nb3 Nxb3 17. axb3 Bc6 18. Ng5 Bxg2 19. Nxe6
fxe6 20. Kxg2 Rfc8 21. Rxa7 Rxa7 22. Bxa7 Rc2 23. Rd8+ Kf7 24. Rb8 Rxe2 25.
Rxb5 Bxb2 26. Be3 Bc3 27. Rb7 e5 28. Kf3 Rb2 29. Bc1 e4+ 30. Kg2 Ra2 31.
Bg5 Bf6 32. Be3 h5 33. b4 g5 34. b5 g4 35. h3 Kg6 36. Rb8 Kf5 37. b6 Rb2
38. Rc8 Be5 39. Rc5 Ke6 40. Rc6+ Bd6 41. Rc8 Kd5 42. Rh8 Bc5 43. Rxh5+ e5
44. Bxc5 Kxc5 45. Rxe5+ Kd4 46. Re8 gxh3+ 47. Kxh3 Rxb6 48. Rf8 Ke5 49. g4
Rh6+ 50. Kg3 Rh1 51. Re8+ Kd5 52. g5 Rf1 53. Kg2 Ra1 54. f3 exf3+ 55. Kxf3
Kd6 56. Kf4 Kd7 57. Re4 1-0

[Event "ch-SVK"]
[Site "Kaskady SVK"]
[Date "2002.06.29"]
[Round "3"]
[White "Tibensky,R"]
[Black "Plachetka,J"]
[Result "0-1"]
[WhiteElo "2448"]
[BlackElo "2441"]
[EventDate "2002.06.27"]

1. d4 Nf6 2. Nf3 e6 3. e3 d5 4. Bd3 c5 5. b3 Nc6 6. O-O Be7 7. Bb2 O-O 8.
c4 cxd4 9. exd4 b6 10. Nbd2 Bb7 11. Qe2 dxc4 12. bxc4 Nb4 13. Bb1 Rc8 14.
a3 Nc6 15. Re1 Qd6 16. Ba2 Rfd8 17. Rad1 Qf4 18. Qe3 Qxe3 19. fxe3 Na5 20.
e4 Ba6 21. Rc1 Rc7 22. e5 Nh5 23. g3 Bb7 24. Rc2 Rdc8 25. Rec1 g5 26. Bc3
Bxa3 27. Rf1 g4 28. Ng5 Bf8 29. Bxa5 bxa5 30. c5 Bh6 31. Nde4 Bxe4 32. Nxe4
Be3+ 33. Kg2 Bxd4 34. h3 gxh3+ 35. Kxh3 Bxe5 36. Bc4 Rd8 37. Ba6 Rd4 38.
Re1 a4 39. c6 a3 40. Bb7 Rb4 41. Nc5 Bxg3 42. Re4 Rxe4 43. Nxe4 Be5 44. Ra2
Nf4+ 45. Kh4 Bb2 46. Nd6 f5 47. Kg3 Ne2+ 48. Kh3 Nc3 49. Ne8 Re7 0-1

[Event "ch-SVK"]
[Site "Kaskady SVK"]
[Date "2002.06.30"]
[Round "4"]
[White "Ftacnik,L"]
[Black "Landa,K"]
[Result "1/2-1/2"]
[WhiteElo "2576"]
[BlackElo "2623"]
[EventDate "2002.06.27"]

1. d4 Nf6 2. Nf3 d5 3. c4 e6 4. g3 Bb4+ 5. Bd2 Be7 6. Bg2 c6 7. Qc2 b6 8.
O-O Ba6 9. b3 Nbd7 10. Rd1 O-O 11. Bf4 Rc8 12. Nc3 Qe8 13. e4 dxc4 14. Nd2
e5 15. dxe5 Ng4 16. Nxc4 Bxc4 17. bxc4 Bc5 18. Rd2 Ndxe5 19. Na4 Bb4 20.
Re2 b5 21. Nb2 Ba3 22. cxb5 cxb5 23. Qb3 Bc5 24. h3 Nf6 25. Rc1 Bd4 26.
Rxc8 Qxc8 27. Qxb5 a6 28. Qb3 Qc5 29. Nd3 Nxd3 30. Qxd3 a5 31. Be3 Bxe3 32.
Qxe3 Rc8 33. e5 Nd7 34. Qxc5 Rxc5 35. Rd2 Nf8 36. Rd5 Rxd5 37. Bxd5 g5 38.
Kg2 Ng6 39. e6 fxe6 40. Bxe6+ Kg7 41. Kf3 h5 42. Ke4 Kf6 43. Bd7 h4 44.
gxh4 Nxh4 45. Bg4 Ng6 46. Kd5 Nf4+ 47. Kc4 Ke5 48. a4 Kd6 49. Kb5 Nd3 50.
f3 Ne5 51. Bh5 Nc6 52. Kb6 Nd4 53. Kxa5 Kc5 54. Ka6 Kb4 55. Kb6 Kxa4 56.
Kc5 Ne2 57. Bg4 Kb3 58. Kd5 Kb4 59. Ke5 Kc5 60. Kf6 Kd6 61. Kxg5 Ke7 62.
Kg6 Kf8 63. h4 Kg8 64. Be6+ Kh8 65. Bc4 Nd4 66. f4 Nf3 67. Kh5 Kg7 68. Bd5
Ng1 69. Bc4 Nh3 70. f5 Kf6 71. Be6 Nf4+ 72. Kh6 Ne2 73. h5 Ng3 74. Bc8 Kf7
75. Bd7 Nxf5+ 76. Bxf5 Kg8 1/2-1/2

[Event "ch-SVK"]
[Site "Kaskady SVK"]
[Date "2002.06.30"]
[Round "4"]
[White "Khenkin,I"]
[Black "Tibensky,R"]
[Result "1-0"]
[WhiteElo "2587"]
[BlackElo "2448"]
[EventDate "2002.06.27"]

1. d4 c5 2. d5 e5 3. e4 Nf6 4. Nc3 d6 5. Bb5+ Nbd7 6. a4 g6 7. Nf3 Bg7 8.
a5 a6 9. Be2 O-O 10. Nd2 Ne8 11. h4 b5 12. axb6 Nxb6 13. h5 Nc7 14. Na4
Nxa4 15. Rxa4 Bd7 16. Ra3 Nb5 17. Rg3 a5 18. c3 a4 19. Nc4 Ra7 20. Bg4 Be8
21. hxg6 fxg6 22. Be6+ Bf7 23. Qg4 Bxe6 24. dxe6 Qe8 25. Nb6 Re7 26. Qh4 h5
27. Nd7 Rxe6 28. Nxf8 Qxf8 29. O-O Nc7 30. Rd1 Kh7 31. Rf3 Qe8 32. g4 Kg8
33. gxh5 gxh5 34. Rg3 Qf7 35. Rdd3 Rf6 36. Rg2 c4 37. Rdg3 Ne6 38. Bg5 Rg6
39. Qxh5 Nc5 40. Rf3 Qe8 41. Rh2 Bh6 42. Kh1 1-0

[Event "ch-SVK"]
[Site "Kaskady SVK"]
[Date "2002.06.30"]
[Round "4"]
[White "Markos,J"]
[Black "Movsesian,S"]
[Result "1/2-1/2"]
[WhiteElo "2467"]
[BlackElo "2624"]
[EventDate "2002.06.27"]

1. d4 Nf6 2. c4 g6 3. Nc3 Bg7 4. e4 d6 5. Nf3 O-O 6. Be2 Na6 7. O-O e5 8.
Re1 Qe8 9. Bf1 Bg4 10. d5 Nb4 11. Be2 a5 12. a3 Na6 13. Nd2 Bd7 14. b3 Qe7
15. Rb1 c5 16. dxc6 bxc6 17. b4 axb4 18. axb4 Rfb8 19. b5 Nc5 20. Bf1 Ne6
21. Nb3 Nd4 22. bxc6 Bxc6 23. Bg5 Nxb3 24. Rxb3 Rxb3 25. Qxb3 h6 26. Nd5
Bxd5 27. Bxf6 Bxf6 28. cxd5 Qa7 29. Qb4 Be7 30. Rb1 Kg7 1/2-1/2

[Event "ch-SVK"]
[Site "Kaskady SVK"]
[Date "2002.06.30"]
[Round "4"]
[White "Plachetka,J"]
[Black "Mrva,Mart"]
[Result "1-0"]
[WhiteElo "2441"]
[BlackElo "2426"]
[EventDate "2002.06.27"]

1. e4 c5 2. Nf3 e6 3. b3 b6 4. Bb2 Bb7 5. Nc3 a6 6. d4 cxd4 7. Nxd4 Qc7 8.
Bd3 Nf6 9. O-O Bd6 10. Nf3 Nc6 11. Re1 Ne5 12. Nd5 Nxd5 13. exd5 Nxd3 14.
Qxd3 O-O-O 15. c4 f6 16. a3 Kb8 17. b4 exd5 18. cxd5 Rc8 19. Rac1 Qd8 20.
Rxc8+ Qxc8 21. Rc1 Qg8 22. Rd1 Qe8 23. h3 Qg6 24. Qd4 b5 25. Bc1 Ka8 26.
Be3 Bb8 27. a4 bxa4 28. b5 Qc2 29. bxa6 Bxa6 30. Rc1 Qd3 31. Qxa4 Rc8 32.
Ra1 Kb7 33. Qxd7+ Rc7 34. Qe6 Bb5 35. Qb6+ Kc8 36. Bf4 Qxd5 37. Bxc7 Bxc7
38. Rc1 Bc4 39. Qd4 1-0

[Event "ch-SVK"]
[Site "Kaskady SVK"]
[Date "2002.06.30"]
[Round "4"]
[White "Priehoda,V"]
[Black "Stohl,I"]
[Result "0-1"]
[WhiteElo "2425"]
[BlackElo "2550"]
[EventDate "2002.06.27"]

1. d4 Nf6 2. c4 e6 3. Nf3 b6 4. Nc3 Bb4 5. e3 Bb7 6. Bd3 O-O 7. O-O c5 8.
a3 Bxc3 9. bxc3 Qc7 10. Nd2 Nc6 11. Bb2 Ne7 12. Qe2 d6 13. f3 Rae8 14. Qf2
Bc8 15. g4 Kh8 16. Qg3 e5 17. Rae1 Nfg8 18. f4 exf4 19. exf4 f5 20. g5 Ng6
21. d5 Qf7 22. Kf2 Rxe1 23. Rxe1 Re8 24. Rxe8 Qxe8 25. Bc2 Bd7 26. Qe3
Qxe3+ 27. Kxe3 N8e7 28. Nf3 Kg8 29. Bc1 Kf7 30. Kf2 Ke8 31. Kg3 Nh8 32. Nd2
Nf7 33. Nf1 Kd8 34. Ne3 g6 35. h4 Kc7 36. Kf3 Kb7 37. Kf2 Ka6 38. Ke1 Ka5
39. Bd3 Ba4 40. h5 Bb3 41. hxg6 hxg6 42. Kd2 Nd8 43. Nd1 Ka4 44. Ne3 Nb7
45. Nd1 Bxd1 46. Kxd1 Kb3 47. Ke2 Na5 48. Bb1 Nxc4 49. Kd3 Nxa3 0-1

[Event "ch-SVK"]
[Site "Kaskady SVK"]
[Date "2002.07.01"]
[Round "5"]
[White "Movsesian,S"]
[Black "Priehoda,V"]
[Result "1-0"]
[WhiteElo "2624"]
[BlackElo "2425"]
[EventDate "2002.06.27"]

1. e4 e6 2. d4 d5 3. e5 c5 4. c3 Nc6 5. Nf3 Qb6 6. Be2 Nh6 7. b3 cxd4 8.
cxd4 Nf5 9. Bb2 Bb4+ 10. Kf1 Be7 11. h4 Qd8 12. h5 f6 13. a3 fxe5 14. dxe5
O-O 15. Bd3 Bd7 16. Nbd2 Qb6 17. b4 Ncd4 18. Kg1 Nxf3+ 19. Nxf3 a5 20. Nd4
axb4 21. Bxf5 exf5 22. axb4 Qxb4 23. Rb1 Ra2 24. Nc2 Qe4 25. h6 Ba4 26.
hxg7 Rf7 27. e6 Rxg7 28. Bxg7 Qxc2 29. Qxc2 Rxc2 30. Rxb7 Bd6 31. Bb2 Re2
32. g3 d4 33. Rh5 Bc6 34. Rg5+ 1-0

[Event "ch-SVK"]
[Site "Kaskady SVK"]
[Date "2002.07.01"]
[Round "5"]
[White "Mrva,Mart"]
[Black "Khenkin,I"]
[Result "1-0"]
[WhiteElo "2426"]
[BlackElo "2587"]
[EventDate "2002.06.27"]

1. c4 e5 2. Nc3 Bb4 3. Qc2 Nf6 4. a3 Bxc3 5. Qxc3 Qe7 6. Nf3 Nc6 7. d4 Ne4
8. Qc2 exd4 9. b4 O-O 10. b5 Na5 11. Nxd4 Nxf2 12. Kxf2 Qf6+ 13. Nf3 Qxa1
14. Bb2 Qa2 15. Nd2 d5 16. e3 Bf5 17. Qc3 d4 18. exd4 Nb3 19. Nxb3 Qb1 20.
Nd2 Qd1 21. d5 f6 22. Rg1 Rae8 23. Nf3 Rf7 24. Qd2 Qa4 25. Nd4 Bg6 26. Be2
a6 27. Qd1 Qa5 28. Nb3 Qb6+ 29. c5 Qa7 30. bxa6 Rfe7 31. Bf3 Qxa6 32. Nd4
Qa5 33. Qc1 Bf7 34. Qc3 Qa6 35. Rd1 Rd7 36. c6 Rd6 37. Nf5 Rdd8 38. d6 bxc6
39. Qxc6 Re2+ 40. Kg3 Qxc6 41. Bxc6 cxd6 42. Bd4 Rb8 43. Bf3 Rb3 44. Rc1
Be6 45. Bc3 Re5 46. Nd4 Rxa3 47. Nxe6 Rxe6 48. Bd5 Kf7 49. Kf2 Ke7 50. Rb1
Ra7 51. Bd4 Rc7 52. Bxe6 Kxe6 53. Ra1 h5 54. Ra7 Rc2+ 55. Kf3 Kd5 56. Ba1
Rc1 57. Ra5+ Ke6 58. Bd4 Rc4 59. Ke3 Rc2 60. Kf3 Rc4 61. Be3 g5 62. Ke2
Rc2+ 63. Bd2 Rc4 64. h3 Rc2 65. h4 d5 66. Ra8 gxh4 67. Rh8 Rc4 68. Rxh5 Rg4
69. Kf3 Rg3+ 70. Kf2 Rg4 71. Be1 Rf4+ 72. Ke2 Re4+ 73. Kf1 Rf4+ 74. Bf2 f5
75. Rh6+ Ke5 76. Rxh4 Rxh4 77. Bxh4 Kf4 78. Kf2 Kg4 79. Bf6 Kf4 80. Bb2 Ke4
81. Bc1 d4 82. Bb2 d3 83. Bc1 Kd4 84. Bd2 Ke4 85. Kg3 1-0

[Event "ch-SVK"]
[Site "Kaskady SVK"]
[Date "2002.07.01"]
[Round "5"]
[White "Tibensky,R"]
[Black "Markos,J"]
[Result "1/2-1/2"]
[WhiteElo "2448"]
[BlackElo "2467"]
[EventDate "2002.06.27"]

1. Nf3 Nf6 2. g3 d5 3. Bg2 c6 4. O-O Bg4 5. b3 Nbd7 6. Bb2 e6 7. d3 Bc5 8.
Nbd2 Qe7 9. a3 O-O 10. h3 Bh5 11. e4 dxe4 12. dxe4 e5 13. g4 Bg6 14. Nh4
Rfd8 15. Qe2 Nf8 16. Nf5 Qc7 17. b4 Bb6 18. Nc4 N6d7 19. c3 Ne6 20. Bc1 a5
21. Bd2 f6 22. Rfd1 Kh8 23. Bf1 Bf7 24. Nxb6 Nxb6 25. Be3 Nf4 26. Qc2 Nc4
27. Bxc4 Bxc4 28. Bxf4 exf4 29. Rxd8+ Rxd8 30. Rd1 g6 31. Nh4 Rd6 32. Rd4
Be6 33. Qd2 Rxd4 34. cxd4 axb4 35. axb4 Qd7 36. Qxf4 Qxd4 37. Nf3 Qd8 38.
g5 Kg7 39. h4 Qe7 40. Kg2 Bb3 41. gxf6+ Qxf6 42. Qc7+ Qf7 43. Qd6 Qf6 44.
Qd7+ Qf7 45. Qd4+ Qf6 46. Qd7+ Qf7 47. Qd4+ 1/2-1/2

[Event "ch-SVK"]
[Site "Kaskady SVK"]
[Date "2002.07.02"]
[Round "6"]
[White "Khenkin,I"]
[Black "Romanishin,O"]
[Result "1-0"]
[WhiteElo "2587"]
[BlackElo "2571"]
[EventDate "2002.06.27"]

1. d4 Nf6 2. c4 e6 3. Nf3 Bb4+ 4. Bd2 c5 5. Bxb4 cxb4 6. g3 O-O 7. Bg2 d6
8. Nbd2 a5 9. Nf1 Na6 10. Ne3 Bd7 11. O-O Rc8 12. Qd3 Bc6 13. Ng5 Bxg2 14.
Kxg2 h6 15. Ne4 Nxe4 16. Qxe4 Qd7 17. Qd3 b6 18. f3 Nc7 19. Rac1 Ne8 20. a3
bxa3 21. bxa3 Nf6 22. Rb1 d5 23. cxd5 Nxd5 24. Nxd5 Qxd5 25. Rxb6 Rc4 26.
Rd1 Rfc8 27. Rd2 Rc3 28. Rb8 Qc6 29. d5 exd5 30. Rxc8+ Qxc8 31. Qxd5 Rxa3
32. Qe5 Rb3 33. Qxa5 Rb8 34. Rd4 g6 35. h4 h5 36. g4 hxg4 37. Rxg4 Qe8 38.
Re4 Qb5 39. Qc3 Re8 40. Rxe8+ Qxe8 41. e4 Qd8 42. Kg3 Qb6 43. Qc1 Qd4 44.
Kg2 Kg7 45. h5 Qe5 46. hxg6 Kxg6 47. Qc6+ f6 48. Qd5 Qb8 49. Kh3 Qc8+ 50.
Kh4 Kg7 51. f4 Qc2 52. Qd7+ Kf8 53. Qe6 Qc3 54. Kg4 Kg7 55. Qe7+ Kg6 56.
f5+ Kh6 57. Qf7 1-0

[Event "ch-SVK"]
[Site "Kaskady SVK"]
[Date "2002.07.02"]
[Round "6"]
[White "Markos,J"]
[Black "Mrva,Mart"]
[Result "1-0"]
[WhiteElo "2467"]
[BlackElo "2426"]
[EventDate "2002.06.27"]

1. d4 e6 2. c4 Bb4+ 3. Nd2 d5 4. Ngf3 dxc4 5. Qa4+ Nc6 6. a3 Bxd2+ 7. Bxd2
Qd5 8. Qc2 Nf6 9. e3 b5 10. a4 Rb8 11. Be2 a6 12. O-O Ne4 13. Rfb1 e5 14.
axb5 axb5 15. b3 cxb3 16. Qxb3 Qxb3 17. Rxb3 exd4 18. Bxb5 O-O 19. Bxc6
Rxb3 20. Bxe4 dxe3 21. Bxe3 Bd7 22. h3 Re8 23. Ng5 h6 24. Bd5 Rbxe3 25.
Bxf7+ Kf8 26. fxe3 Rxe3 27. Kf2 Rd3 28. Nf3 Rxf3+ 29. Kxf3 Kxf7 30. Ra7 Kf6
31. Rxc7 Be6 32. Ke4 Bf5+ 33. Kd5 Be6+ 34. Kd6 Bf5 35. Rc3 Be4 36. Rc4 Ba8
37. Rf4+ Kg6 38. Ke6 h5 39. g3 Bg2 40. h4 Bh3+ 41. Ke5 Bd7 42. Kd6 Bf5 43.
Ke7 Bc2 44. Kf8 Kh6 45. Rc4 Bb3 46. Rb4 Ba2 47. Rb2 Bc4 48. Rb6+ g6 49. Ke7
Kg7 50. Kd6 g5 51. hxg5 Bd3 52. Ke5 Bc2 53. Kf4 Bd1 54. g6 Kh6 55. g7+ Kxg7
56. Kg5 Kg8 57. Rh6 Kg7 58. Rxh5 Bf3 59. Rh4 Be2 60. Re4 Bd1 61. Re7+ Kg8
62. Kf6 Bf3 63. g4 Bd1 64. g5 1-0

[Event "ch-SVK"]
[Site "Kaskady SVK"]
[Date "2002.07.02"]
[Round "6"]
[White "Movsesian,S"]
[Black "Tibensky,R"]
[Result "1-0"]
[WhiteElo "2624"]
[BlackElo "2448"]
[EventDate "2002.06.27"]

1. e4 e6 2. d4 d5 3. e5 b6 4. c3 Qd7 5. h4 Ba6 6. Bxa6 Nxa6 7. h5 c5 8. Ne2
f6 9. Bf4 Ne7 10. Nd2 Nc6 11. Nf3 Rc8 12. O-O Nab8 13. Re1 Be7 14. exf6
gxf6 15. Bxb8 Rxb8 16. Nf4 Nd8 17. Qe2 Kf7 18. c4 Bd6 19. Qd2 Qc7 20. Nh3
dxc4 21. Rad1 Rf8 22. Re4 Kg8 23. dxc5 Bxc5 24. Rg4+ Kf7 25. Qc2 Ke8 26.
Rxc4 Qe7 27. b4 Bd6 28. Rcd4 Nb7 29. Nd2 Nd8 30. Qd3 Nb7 31. Ne4 1-0

[Event "ch-SVK"]
[Site "Kaskady SVK"]
[Date "2002.07.02"]
[Round "6"]
[White "Plachetka,J"]
[Black "Landa,K"]
[Result "0-1"]
[WhiteElo "2441"]
[BlackElo "2623"]
[EventDate "2002.06.27"]

1. Nf3 Nf6 2. c4 e6 3. g3 d5 4. Bg2 dxc4 5. Qa4+ c6 6. Qxc4 b5 7. Qc2 Bb7
8. O-O Nbd7 9. d4 Be7 10. a4 a6 11. Nbd2 c5 12. dxc5 Nxc5 13. axb5 axb5 14.
Rxa8 Qxa8 15. Nb3 Be4 16. Qd1 Na4 17. Nbd4 b4 18. Qb3 Bd5 19. Ne1 Ne4 20.
Qc2 O-O 21. Be3 Rc8 22. Qb1 Bf6 23. Nef3 Nd6 24. Rc1 Nc4 25. b3 Nxe3 26.
Rxc8+ Qxc8 27. fxe3 Nc3 28. Qc2 e5 29. Nb5 Be4 30. Nd6 Bxc2 31. Nxc8 Bxb3
0-1